| 000 | 00557 a2200169 4500 | ||
|---|---|---|---|
| 003 | NUST | ||
| 005 | 20251031142600.0 | ||
| 040 | _cNust | ||
| 082 | _a621.382,SHA | ||
| 100 |
_aShahid, Capt. Arslan ( TE-40) _9131379 |
||
| 245 |
_aDesign, development and implementation of multi-facilities subscriber device (MFSD) / _cCapt. Arslan Shahid, Capt Agha Ummad, Capt. Muhammad Irfan Khan and GC Muhammad Ali Ahmed |
||
| 260 |
_aRawalpindi _bMCS,NUST _c2007 |
||
| 300 | _a156, p.; | ||
| 650 |
_aUG Projects _998716 |
||
| 651 |
_aTE-40 _9131380 |
||
| 942 |
_cPR _2ddc |
||
| 999 |
_c183545 _d183545 |
||